000 02121nam0a2200325 4500
001 RU\NLR\BIBL_A\011447849
005 20240921140945.0
010 _a9785829504847
_9100
021 _aRU
_b2017-50437
_93620
035 _a(RuMoRGB)008933369
035 _a(NLR Aleph) 011447849
090 _a11737294
_c11737294
100 _a20170802d2016 u y0rusy50 ca
101 0 _arus
102 _aRU
105 _aa|||j 000zy
200 1 _aПроизводство глинозема и экономические расчеты в цветной металлургии
_eучебное пособие
_eдля студентов вуза, обучающихся по направлению подготовки 22.03.02 - Металлургия
_e[для магистров (22.04.02) и бакалавров (22.03.02)]
_fИ. В. Логинова, А. А. Шопперт, Д. А., Д. А. Рогожников, А. В. Кырчиков
_gМинистерство образования и науки РФ, Уральский федеральный университет имени первого Президента России Б. Н. Ельцина
210 _aЕкатеринбург
_cИзд-во УМЦ УПИ
_d2016
215 _a254 с.
_cил., табл.
_d21
300 _aНа 4-й с. обл. авт.: Логинова И.В., д.т.н., проф.; Шопперт А.А., к.т.н.; Рогожников Д.А., кт.т.н., доц.; Кырчников А.В., преп.
606 1 _aЦветная металлургия
_jУчебные издания для высших учебных заведений
_xЭкономика
_92378221
_3RU\NLR\AUTH\661419076
686 1 _aУ30(2)555.2я73
701 1 _aЛогинова
_bИ. В.
_gИрина Викторовна
701 1 _aШопперт
_bА. А.
_gАндрей Андреевич
701 1 _aРогожников
_bД. А.
_gДенис Александрович
701 1 _aКырчиков
_bА. В.
_gАлексей Владимирович
942 _cBOOK
980 _aNBR